000 00298nam a2200109 4500
999 _c517819
_d517819
082 _aTNC T19x54 Ad47
100 _aAdiseshiah, Malcolm S.
_926025
245 _aMind- years review of the economy 1990-91
260 _aDelhi
_bKonark
_c1991
300 _a190p
650 _aEconomic development
_926026